000 01390cam a22003015i 4500
999 _c57868
_d57868
001 21675994
005 20221130110403.0
006 m |o d |
007 cr |||||||||||
008 180921s2018 gw |||| o |||| 0|eng
020 _a9783319932026x
041 _aeng
080 _a159.922.7 + 616-053.2 +364.4 P-91
100 1 _aPrelock, Patricia A.
_eauthor.
_910587
245 1 0 _aClinical Guide to Assessment and Treatment of Communication Disorders /
_cby Patricia A. Prelock, Tiffany L. Hutchins.
250 _a1st ed. 2018.
264 1 _aCham :
_bSpringer International Publishing :
_bImprint: Springer,
_c2018.
300 _a1 online resource (XIV, 160 pages 1 illustrations)
588 _aDescription based on publisher-supplied MARC data.
653 _aკომუნიკაციის დარღვევების შეფასებისა და მკურნალობის კლინიკური სახელმძღვანელო
653 _aმედიცინა
653 _aპედიატრია
653 _aფსიქოლოგია
653 _aClinical Guide to Assessment and Treatment of Communication Disorders
700 1 _aHutchins, Tiffany L.
_eავტორი
_910588
830 0 _aBest Practices in Child and Adolescent Behavioral Health Care,
_x2523-7128
_910589
942 _2udc
_cBK